Nuclear Deterrence: Problems and Perspectives in the 1990's /

Guardat en:
Dades bibliogràfiques
Autor corporatiu: NU, UNIDIR
Format: Text
Publicat: Geneva: NU
Etiquetes: Afegir etiqueta
Sense etiquetes, Sigues el primer a etiquetar aquest registre!

MARC

LEADER 00000 a a2200000 04500
001 23201
003
040
020 |a 92-9045-084-3  
090 |a 159400  
110 |a NU  
245 |a Nuclear Deterrence: Problems and Perspectives in the 1990's /  |c NU  
260 |a Geneva:   |b NU  
300 |a 173 p   |b **no definido**  
710 |a UNIDIR  
999 |c 15768  |d 15768